Schuster-matt a nacionalizmusnak "történelmi jellegű látogatás" ...

Bibliographic Details
Main Author: Korpás, Árpád (Author)
Format: Article
Language:Hungarian
PhysicalDescription:Fotogr.
Subjects:

MARC

LEADER 00000nab a2200000 a 4500
001 vtls000723009
003 SK-MaSNL
005 20260318133042.0
008 160405c2000 xo 0 hun
015 |a SNBRB2000/05-04460 
035 |a CLN000075176 
040 |a SNKBUCL  |b slo  |c SNKBUCL  |e AACR2 
041 0 |a hun 
044 |a xo  |c SK 
080 |a 327(437.6:439)  |2 1997 
080 |a 327(439:437.6)  |2 1997 
100 1 |a Korpás, Árpád  |4 aut  |9 366927 
245 1 0 |a Schuster-matt a nacionalizmusnak  |b "történelmi jellegű látogatás" ...  |c Korpás Árpád 
300 |b Fotogr. 
610 1 7 |a Slovensko.  |b Prezident (1999-2004 : Schuster)  |2 SNKKA  |9 97532 
648 7 |a 21.-23.3.2000  |2 snkbucl  |9 1234393 
651 7 |a Slovensko  |x politika zahraničná  |x Maďarsko  |2 snkbucl  |9 839098 
651 7 |a Maďarsko  |x zahraničná politika  |x Slovensko  |2 snkbucl  |9 15820 
655 7 |a články z novín a časopisov  |2 snkbucl  |9 267496 
773 0 |t Vasárnap  |g Roč. 33, č. 14 (2000), s. 8-9 
850 |a Slovenská národná knižnica v Martine 
852 |a SNK  |b KIS3GCP 
958 |a HU 
958 |a SK 
958 |a RBX 
999 |c 2180413  |d 2182343